000 00615nam a2200217 a 4500
001 17292
003 CO-ViMGA
008 141112s2004 ck r 000 u spa d
020 _a9586552217
040 _aCO-ViMGA
_bspa
_cCO-ViMGA
082 0 4 _aCo863 G659m
100 1 _aGonzales, Fernando
_915040
245 1 0 _aEl maestro de escuela
250 _a5
260 _aMedellín (Antioquia),
_cUniversidad de Antioquia,
_c1995
300 _a76.p.
590 _aForma de adquisición : Premio - Mincultura
650 1 4 _aMAESTROS DESPLAZADOS - COLOMBIA
_924598
650 1 4 _aNOVELA COLOMBIANA
_91193
942 _2ddc
_cBK
999 _c26861
_d26861